[Event "GER-ch Net blitz qual3"]
[Site "Playchess.com INT"]
[Date "2021.05.07"]
[Round "3"]
[White "Noack, Mario"]
[Black "Hohlbein, Michael"]
[Result "0-1"]
[WhiteElo "1779"]
[BlackElo "2062"]
[PlyCount "92"]
[EventDate "2021.05.07"]
[EventType "swiss (blitz)"]
[EventRounds "11"]
[EventCountry "GER"]
[SourceTitle "CBM 202 Extra"]
[Source "ChessBase"]
[SourceDate "2021.07.31"]
[SourceVersion "1"]
[SourceVersionDate "2021.07.31"]
[SourceQuality "1"]

1. d4 Nf6 2. c4 c5 3. d5 e5 4. Nc3 d6 5. e4 Nbd7 6. Bd3 Be7 7. Nge2 a6 8. 0-0 0-0 9. f4 exf4 10. Nxf4 Ne5 11. Qc2 Rb8 12. a4 Nfg4 13. h3 Nf6 14. Be3 Bd7 15. Rae1 Ne8 16. b3 Nc7 17. Be2 b5 18. axb5 axb5 19. cxb5 Nxb5 20. Nxb5 Bxb5 21. Bxb5 Rxb5 22. Nd3 Bf6 23. Bf4 Nxd3 24. Qxd3 Rb4 25. Qg3 Re8 26. Bxd6 Rbxe4 27. Rxe4 Rxe4 28. Bxc5 Qxd5 29. Rxf6 Qxc5+ 30. Kh2 Qe5 31. Qxe5 Rxe5 32. Rb6 g6 33. b4 Re3 34. b5 Rb3 35. Rb8+ Kg7 36. b6 h5 37. b7 Kf6 38. h4 Kf5 39. g3 Kg4 40. Rf8 Rxb7 41. Rxf7 Rxf7 42. Kg2 Ra7 43. Kf2 Ra2+ 44. Ke3 Kxg3 45. Ke4 Kxh4 46. Ke5 Rf2 0-1

[Event "GER-ch Net blitz qual3"]
[Site "Playchess.com INT"]
[Date "2021.05.07"]
[Round "8"]
[White "Noack, Mario"]
[Black "Horn, Sven"]
[Result "0-1"]
[WhiteElo "1779"]
[BlackElo "1936"]
[PlyCount "86"]
[EventDate "2021.05.07"]
[EventType "swiss (blitz)"]
[EventRounds "11"]
[EventCountry "GER"]
[SourceTitle "CBM 202 Extra"]
[Source "ChessBase"]
[SourceDate "2021.07.31"]
[SourceVersion "1"]
[SourceVersionDate "2021.07.31"]
[SourceQuality "1"]

1. d4 Nf6 2. c4 e6 3. Nc3 Bb4 4. Bg5 0-0 5. e3 c5 6. d5 d6 7. Bd3 Nbd7 8. Nge2 Qa5 9. Bxf6 Nxf6 10. 0-0 exd5 11. Nxd5 Nxd5 12. cxd5 Qd8 13. a3 Ba5 14. Nc3 a6 15. Qc2 h6 16. e4 b5 17. f4 c4 18. Be2 Bb6+ 19. Kh1 Qh4 20. g3 Qh3 21. Bf3 f5 22. e5 dxe5 23. fxe5 Bb7 24. e6 Rae8 25. Rad1 Bc5 26. Qe2 Bd6 27. Rd4 Bxg3 28. Rg1 Bxh2 29. Qxh2 Qxf3+ 30. Qg2 Qxg2+ 31. Rxg2 Rf6 32. Re2 Rfxe6 33. Rxe6 Rxe6 34. Kh2 Rd6 35. Kg3 g5 36. Kf3 Kg7 37. Ke3 Kf6 38. Kd2 Ke5 39. Ne2 Bxd5 40. Ng3 Be4 41. Rxd6 Kxd6 42. Nxe4+ fxe4 43. Ke3 Ke5 0-1

[Event "DSOL 04 Liga Gr-B 1st"]
[Site "Playchess.com INT"]
[Date "2020.08.03"]
[Round "2.3"]
[White "Noack, Mario"]
[Black "Hirschberg, Markus"]
[Result "1-0"]
[WhiteElo "1808"]
[BlackElo "1821"]
[PlyCount "105"]
[EventDate "2020.06.22"]
[EventType "team-tourn (rapid)"]
[EventCountry "GER"]
[SourceTitle "EXT 2021"]
[Source "ChessBase"]
[SourceDate "2020.10.23"]
[SourceVersion "1"]
[SourceVersionDate "2020.10.23"]
[SourceQuality "1"]
[WhiteTeam "Grossroehrsdorf"]
[BlackTeam "Buer Hassel"]
[WhiteTeamCountry "GER"]
[BlackTeamCountry "GER"]

1. c4 Nf6 2. Nc3 g6 3. g3 Bg7 4. Bg2 0-0 5. d4 d6 6. e4 Nbd7 7. Nge2 e5 8. d5 Nc5 9. b4 Na6 10. Qb3 Nh5 11. 0-0 f5 12. f4 Bd7 13. Be3 Nf6 14. fxe5 Ng4 15. Bd2 dxe5 16. c5 Kh8 17. Rad1 Qe8 18. a4 Rd8 19. h3 Nf6 20. Be3 fxe4 21. b5 Nb8 22. Nxe4 Nxe4 23. Bxe4 Bxh3 24. Bg2 Bg4 25. Rxf8+ Qxf8 26. Rf1 Qe7 27. Nc3 Nd7 28. Ne4 Bf5 29. d6 cxd6 30. Nxd6 Be6 31. Qb4 Nf6 32. Nxb7 Rd3 33. Bg5 Rxg3 34. Qh4 Rg4 35. Bxf6 Bxf6 36. Qxf6+ Qxf6 37. Rxf6 Bd5 38. c6 Rxg2+ 39. Kf1 Rc2 40. Nd6 e4 41. Rf8+ Kg7 42. Re8 h5 43. Re7+ Kf6 44. Rxa7 e3 45. c7 Bg2+ 46. Ke1 Bf3 47. c8Q Re2+ 48. Kf1 Rf2+ 49. Ke1 Re2+ 50. Kd1 Rf2+ 51. Kc1 e2 52. Rf7+ Kg5 53. Qc5+ 1-0

[Event "DSOL 04 Liga Gr-B 1st"]
[Site "Playchess.com INT"]
[Date "2020.06.22"]
[Round "1.3"]
[White "Streiter, Manfred"]
[Black "Noack, Mario"]
[Result "1-0"]
[WhiteElo "1778"]
[BlackElo "1808"]
[PlyCount "65"]
[EventDate "2020.06.22"]
[EventType "team-tourn (rapid)"]
[EventCountry "GER"]
[SourceTitle "EXT 2021"]
[Source "ChessBase"]
[SourceDate "2020.10.23"]
[SourceVersion "1"]
[SourceVersionDate "2020.10.23"]
[SourceQuality "1"]
[WhiteTeam "Leinfelden"]
[BlackTeam "Grossroehrsdorf"]
[WhiteTeamCountry "GER"]
[BlackTeamCountry "GER"]

1. d4 Nf6 2. Nf3 d5 3. g3 e6 4. c4 c5 5. cxd5 exd5 6. Bg2 Nc6 7. 0-0 cxd4 8. Nxd4 Bc5 9. Nb3 Bb6 10. Bg5 Be6 11. Nc3 Ne7 12. Bxf6 gxf6 13. Na4 Bc7 14. Nac5 b6 15. Nxe6 fxe6 16. e4 h5 17. exd5 Nxd5 18. Nd4 Qd6 19. Nxe6 Qxe6 20. Bxd5 Qc8 21. Qf3 Be5 22. Bxa8 h4 23. Qc6+ Qxc6 24. Bxc6+ Kf7 25. Rad1 hxg3 26. fxg3 Bxb2 27. Rd7+ Kg6 28. Be4+ Kg5 29. Rg7+ Kh6 30. Rg6+ Kh7 31. Rgxf6+ Kg7 32. Rf7+ Kh6 33. Rf8 1-0

[Event "GER Cup Net V3 U2000"]
[Site "Playchess.com INT"]
[Date "2020.05.27"]
[Round "6"]
[White "Hasic, Mirza"]
[Black "Noack, Mario"]
[Result "1-0"]
[WhiteElo "1786"]
[BlackElo "1626"]
[PlyCount "129"]
[EventDate "2020.05.27"]
[EventType "swiss (blitz)"]
[EventRounds "9"]
[EventCountry "GER"]
[SourceTitle "EXT 2021"]
[Source "ChessBase"]
[SourceDate "2020.10.23"]
[SourceVersion "1"]
[SourceVersionDate "2020.10.23"]
[SourceQuality "1"]

1. d4 Nf6 2. c4 d6 3. Nc3 g6 4. e4 Bg7 5. Be2 0-0 6. f4 c5 7. Nf3 Bg4 8. Be3 cxd4 9. Bxd4 Nc6 10. Be3 a6 11. 0-0 Qc7 12. Rc1 Rac8 13. b3 Qa5 14. h3 Bxf3 15. Bxf3 Nd7 16. Bd2 Qd8 17. Be3 Qa5 18. Bd2 Qc7 19. Nd5 Qd8 20. Be3 Nf6 21. f5 Ne5 22. fxg6 hxg6 23. Bd4 Nxf3+ 24. Qxf3 Nxd5 25. Bxg7 Kxg7 26. exd5 e5 27. dxe6 fxe6 28. Qc3+ Kh7 29. Qg3 e5 30. Qg4 Qe7 31. Rcd1 Rxf1+ 32. Rxf1 Rf8 33. Rxf8 Qxf8 34. Qd7+ Kh6 35. Qxb7 Qf4 36. Qf3 Qc1+ 37. Kh2 Qd2 38. a3 Qd4 39. Kg3 e4 40. Qf8+ Kh7 41. Qf7+ Kh6 42. Qd5 Qc3+ 43. Kf4 e3 44. Qg5+ Kg7 45. Qe7+ Kh6 46. Qxe3 Qxe3+ 47. Kxe3 Kg5 48. Kf3 Kf5 49. g4+ Ke5 50. h4 Kd4 51. h5 gxh5 52. gxh5 Kc3 53. h6 Kxb3 54. h7 Kxc4 55. h8Q Kb3 56. Qa8 Kxa3 57. Qxa6+ Kb3 58. Qxd6 Kc4 59. Ke3 Kc3 60. Qc5+ Kb3 61. Kd2 Ka4 62. Qb6 Ka3 63. Kc2 Ka4 64. Kc3 Ka3 65. Qb3# 1-0

[Event "GER Cup Net V3 U2000"]
[Site "Playchess.com INT"]
[Date "2020.05.27"]
[Round "1"]
[White "Kozik, Andreas"]
[Black "Noack, Mario"]
[Result "0-1"]
[WhiteElo "1791"]
[BlackElo "1626"]
[PlyCount "84"]
[EventDate "2020.05.27"]
[EventType "swiss (blitz)"]
[EventRounds "9"]
[EventCountry "GER"]
[SourceTitle "EXT 2021"]
[Source "ChessBase"]
[SourceDate "2020.10.23"]
[SourceVersion "1"]
[SourceVersionDate "2020.10.23"]
[SourceQuality "1"]

1. e4 c5 2. Nc3 d6 3. f4 g6 4. Nf3 Bg7 5. Bb5+ Bd7 6. Bc4 e6 7. 0-0 Ne7 8. d3 0-0 9. Qe1 Nbc6 10. Kh1 a6 11. a4 Nd4 12. Qf2 Nec6 13. Be3 Nxf3 14. Qxf3 Nd4 15. Qf2 Bc6 16. Rac1 Qd7 17. f5 exf5 18. exf5 Nxf5 19. Bf4 b5 20. axb5 axb5 21. Bd5 b4 22. Bxc6 Qxc6 23. Ne4 Ra2 24. b3 Ra7 25. h4 Bd4 26. Qe1 d5 27. Ng5 Re7 28. Qd2 Rfe8 29. h5 Re2 30. Qd1 f6 31. Nf3 g5 32. Nxd4 Nxd4 33. Bd2 R8e6 34. Re1 Qe8 35. Rxe2 Nxe2 36. Ra1 Ng3+ 37. Kh2 Nf5 38. g4 Nh4 39. Qg1 Re2+ 40. Kh3 Nf3 41. Qg3 Nxd2 42. Ra7 Re3 0-1

[Event "GER Cup Net V3 U2000"]
[Site "Playchess.com INT"]
[Date "2020.05.27"]
[Round "8"]
[White "Noack, Mario"]
[Black "Schaefer, Konstantin"]
[Result "0-1"]
[WhiteElo "1626"]
[BlackElo "1712"]
[PlyCount "102"]
[EventDate "2020.05.27"]
[EventType "swiss (blitz)"]
[EventRounds "9"]
[EventCountry "GER"]
[SourceTitle "EXT 2021"]
[Source "ChessBase"]
[SourceDate "2020.10.23"]
[SourceVersion "1"]
[SourceVersionDate "2020.10.23"]
[SourceQuality "1"]

1. c4 c5 2. g3 Nc6 3. Bg2 Nf6 4. Nc3 e6 5. e4 Be7 6. Nge2 0-0 7. 0-0 d6 8. a3 Bd7 9. Rb1 Qc7 10. d3 Rfb8 11. f4 a6 12. h3 b5 13. g4 b4 14. axb4 cxb4 15. Na4 b3 16. Nac3 a5 17. Ra1 Nb4 18. Be3 Nc2 19. Qd2 Nxa1 20. Rxa1 a4 21. Nd4 e5 22. Ndb5 Qc8 23. g5 Ne8 24. Rxa4 Rxa4 25. Nxa4 Bxb5 26. cxb5 Rxb5 27. Nc3 Rb8 28. Nd5 Bf8 29. fxe5 dxe5 30. Nc3 Nc7 31. d4 Nb5 32. Nxb5 Rxb5 33. dxe5 Qc2 34. Qd4 Bc5 35. Qd2 Qxd2 36. Bxc5 Rxc5 37. e6 Rc1+ 38. Kh2 Rc2 39. Kg3 Qf2+ 40. Kg4 Qxg2+ 41. Kf4 Rf2+ 42. Ke5 Qg3+ 43. Kd5 Rd2+ 44. Kc4 Qd3+ 45. Kc5 Rc2+ 46. Kb4 Rc4+ 47. Ka3 fxe6 48. g6 hxg6 49. e5 Rc5 50. Kb4 Qc4+ 51. Ka3 Ra5# 0-1

[Event "GER Cup Net V1 U2000"]
[Site "Playchess.com INT"]
[Date "2020.05.19"]
[Round "2"]
[White "Braeutigam, Katerina"]
[Black "Noack, Mario"]
[Result "1-0"]
[WhiteElo "1552"]
[BlackElo "1710"]
[PlyCount "121"]
[EventDate "2020.05.19"]
[EventType "swiss (blitz)"]
[EventRounds "9"]
[EventCountry "GER"]
[SourceTitle "EXT 2021"]
[Source "ChessBase"]
[SourceDate "2020.10.23"]
[SourceVersion "1"]
[SourceVersionDate "2020.10.23"]
[SourceQuality "1"]

1. e4 c5 2. Nc3 d6 3. g3 g6 4. Bg2 Bg7 5. d3 e6 6. Be3 Nc6 7. f4 Nge7 8. Nf3 0-0 9. 0-0 a6 10. e5 d5 11. d4 cxd4 12. Nxd4 Bd7 13. Nxc6 Nxc6 14. Na4 Rc8 15. Nb6 Rb8 16. Bc5 Re8 17. a4 Bf8 18. Bxf8 Rxf8 19. Nxd7 Qxd7 20. a5 Rfc8 21. c3 Qc7 22. b4 Ne7 23. Rc1 h5 24. Qd3 Nf5 25. Rc2 Qc4 26. Qxc4 Rxc4 27. Rfc1 Rbc8 28. Bf1 R4c7 29. c4 Ne3 30. Rc3 Nxf1 31. Kxf1 d4 32. R3c2 Kf8 33. Ke2 Ke7 34. Kd3 f6 35. Kxd4 fxe5+ 36. Kxe5 Rf8 37. Rb2 Rf5+ 38. Ke4 Rd7 39. b5 axb5 40. cxb5 Kd8 41. Ra1 Rc5 42. a6 bxa6 43. bxa6 Ra7 44. Rb7 Rxb7 45. axb7 Rb5 46. Ra8+ Kc7 47. b8Q+ Rxb8 48. Rxb8 Kxb8 49. Ke5 Kc7 50. Kxe6 Kd8 51. Kf6 h4 52. Kxg6 hxg3 53. hxg3 Ke8 54. f5 Kf8 55. f6 Kg8 56. f7+ Kf8 57. g4 Ke7 58. Kg7 Ke6 59. f8Q Ke5 60. Qf5+ Kd4 61. Kf6 1-0

[Event "GER Cup Net V1 U2000"]
[Site "Playchess.com INT"]
[Date "2020.05.19"]
[Round "1"]
[White "Noack, Mario"]
[Black "Thielscher, Rene"]
[Result "0-1"]
[WhiteElo "1710"]
[BlackElo "1534"]
[PlyCount "160"]
[EventDate "2020.05.19"]
[EventType "swiss (blitz)"]
[EventRounds "9"]
[EventCountry "GER"]
[SourceTitle "EXT 2021"]
[Source "ChessBase"]
[SourceDate "2020.10.23"]
[SourceVersion "1"]
[SourceVersionDate "2020.10.23"]
[SourceQuality "1"]

1. d4 Nf6 2. c4 c5 3. d5 b5 4. Nd2 Qa5 5. Qc2 g6 6. e4 d6 7. f4 Bg7 8. Ngf3 0-0 9. Bd3 Ng4 10. Qd1 bxc4 11. Bxc4 Ba6 12. Qe2 Bxc4 13. Qxc4 Nd7 14. Qe2 Rab8 15. h3 Ngf6 16. 0-0 Rfe8 17. a3 Nh5 18. Nc4 Qb5 19. Rb1 Ng3 20. Qd3 Nxf1 21. Qxf1 Nb6 22. Nfd2 Nxc4 23. Nxc4 Bd4+ 24. Kh1 h5 25. b3 Qd7 26. Be3 Bg7 27. e5 dxe5 28. fxe5 Qxd5 29. Qe2 Qe4 30. Rf1 Rxb3 31. Rf4 Qb7 32. Nd2 Rb2 33. Qf3 Qxf3 34. Nxf3 Rc2 35. Ng5 Rf8 36. e6 fxe6 37. Rxf8+ Bxf8 38. Nxe6 Rc3 39. Bxc5 a5 40. Kg1 Kf7 41. Nd8+ Ke8 42. Ne6 Bh6 43. Kf2 Kd7 44. Bd4 Rc2+ 45. Kf3 Kxe6 46. g4 hxg4+ 47. hxg4 Rd2 48. Bb6 a4 49. Ke4 Bg5 50. Ba5 Ra2 51. Bb4 Bf6 52. Kd3 Rg2 53. g5 Rxg5 54. Ke4 Rg4+ 55. Kf3 Rg1 56. Kf2 Rc1 57. Ke2 Rc4 58. Kd3 Kd5 59. Ke3 e5 60. Kd3 g5 61. Ke3 g4 62. Bf8 Bg5+ 63. Kf2 Ke4 64. Kg3 Kf5 65. Bd6 Rd4 66. Bf8 Rd3+ 67. Kf2 e4 68. Ke2 Ke5 69. Bg7+ Kd5 70. Bf8 Bf4 71. Kf2 Bd6 72. Bh6 Bxa3 73. Ke2 Bc5 74. Bg7 a3 75. Ba1 Bd4 76. Bxd4 Kxd4 77. Kf2 a2 78. Ke2 a1Q 79. Kf2 Qa2+ 80. Ke1 Rb3 0-1

[Event "GER-ch Net Amateur Gr-B Final"]
[Site "Playchess.com INT"]
[Date "2020.04.18"]
[Round "5"]
[White "Kosovska, Olena"]
[Black "Noack, Mario"]
[Result "1-0"]
[WhiteElo "1726"]
[BlackElo "1671"]
[PlyCount "57"]
[EventDate "2020.04.18"]
[EventType "swiss (blitz)"]
[EventRounds "13"]
[EventCountry "GER"]
[SourceTitle "CBM 195 Extra"]
[Source "ChessBase"]
[SourceDate "2020.05.31"]
[SourceVersion "1"]
[SourceVersionDate "2020.05.31"]
[SourceQuality "1"]

1. e4 c5 2. Nc3 d6 3. f4 g6 4. Nf3 Bg7 5. Bb5+ Bd7 6. Bxd7+ Qxd7 7. 0-0 e6 8. d4 cxd4 9. Nxd4 Ne7 10. f5 gxf5 11. exf5 Nxf5 12. Nxf5 exf5 13. Re1+ Be5 14. Bf4 f6 15. Qh5+ Qf7 16. Qxf5 Nc6 17. Rad1 Kf8 18. Nd5 Nd4 19. Bh6+ Kg8 20. Qg4+ Qg6 21. Ne7+ Kf7 22. Nxg6 hxg6 23. Bf4 Rad8 24. Bxe5 dxe5 25. c3 Nf5 26. Qc4+ Kg7 27. Qc7+ Kh6 28. Rxd8 Rxd8 29. Qxd8 1-0

[Event "GER-ch Net Amateur Gr-B Final"]
[Site "Playchess.com INT"]
[Date "2020.04.18"]
[Round "2"]
[White "Noack, Mario"]
[Black "Brunner, Sophia"]
[Result "1-0"]
[WhiteElo "1671"]
[BlackElo "1855"]
[PlyCount "39"]
[EventDate "2020.04.18"]
[EventType "swiss (blitz)"]
[EventRounds "13"]
[EventCountry "GER"]
[SourceTitle "CBM 195 Extra"]
[Source "ChessBase"]
[SourceDate "2020.05.31"]
[SourceVersion "1"]
[SourceVersionDate "2020.05.31"]
[SourceQuality "1"]

1. d4 Nf6 2. c4 c5 3. d5 b5 4. Nd2 bxc4 5. e4 d6 6. Bxc4 g6 7. f4 Nbd7 8. Ngf3 Qc7 9. 0-0 Bg7 10. Rb1 Kf8 11. b3 a5 12. a4 Ba6 13. Bb2 Bh6 14. g3 Rg8 15. Re1 Bg7 16. e5 Nh5 17. Qe2 Bb7 18. e6 fxe6 19. Qxe6 Nb6 20. Ng5 1-0

[Event "GER-ch Net Amateur Gr-B Final"]
[Site "Playchess.com INT"]
[Date "2020.04.18"]
[Round "12"]
[White "Noack, Mario"]
[Black "Zhou, Lepu Coco"]
[Result "1-0"]
[WhiteElo "1671"]
[BlackElo "1736"]
[PlyCount "148"]
[EventDate "2020.04.18"]
[EventType "swiss (blitz)"]
[EventRounds "13"]
[EventCountry "GER"]
[SourceTitle "CBM 195 Extra"]
[Source "ChessBase"]
[SourceDate "2020.05.31"]
[SourceVersion "1"]
[SourceVersionDate "2020.05.31"]
[SourceQuality "1"]

1. c4 Nf6 2. g3 g6 3. Bg2 Bg7 4. Nc3 0-0 5. d4 d6 6. e4 e5 7. d5 Nbd7 8. Nge2 a5 9. 0-0 Nc5 10. Be3 b6 11. a3 Ba6 12. b4 axb4 13. axb4 Ncd7 14. b5 Bb7 15. Qc2 Nc5 16. Bxc5 bxc5 17. Qb2 Qd7 18. b6 cxb6 19. Qxb6 Rfb8 20. Rxa8 Rxa8 21. Rb1 Bc8 22. Nb5 Ra6 23. Qc7 Qxc7 24. Nxc7 Ra8 25. Nxa8 Bg4 26. f3 Bd7 27. Nc3 Bh6 28. Nb5 Be3+ 29. Kf1 Bc8 30. Nxd6 Bd7 31. Rb7 Ba4 32. Ke2 Bg1 33. Nxf7 Bxh2 34. Kf2 Nh5 35. Nh6+ Kf8 36. g4 Bg3+ 37. Ke2 Nf4+ 38. Kf1 Bc2 39. Kg1 Ne2+ 40. Kh1 Bf4 41. Bf1 Ng3+ 42. Kg2 Nxf1 43. Kxf1 Bxh6 44. d6 Bd3+ 45. Ke1 Bg5 46. Nb6 Ke8 47. Rxh7 Bc2 48. Rg7 Kf8 49. Rxg6 Bd8 50. Rh6 Bxb6 51. g5 Bd3 52. g6 Bxc4 53. Rh7 Ba5+ 54. Kf2 Bg8 55. Ra7 Bb6 56. Ra8+ Kg7 57. d7 c4+ 58. Ke2 c3 59. d8Q Bxd8 60. Rxd8 Bc4+ 61. Kd1 Kxg6 62. Rc8 Bb3+ 63. Ke1 c2 64. Kd2 Kg5 65. Ke3 Ba4 66. Rc3 Kf6 67. Kf2 Kg5 68. Kg3 Kg6 69. f4 exf4+ 70. Kxf4 Kf6 71. e5+ Ke6 72. Ke4 Bc6+ 73. Rxc6+ Kd7 74. Rxc2 Ke7 1-0

[Event "GER-ch Net Amateur Gr-B Vor3"]
[Site "Playchess.com INT"]
[Date "2020.04.16"]
[Round "1"]
[White "Erbach, Markus"]
[Black "Noack, Mario"]
[Result "1-0"]
[WhiteElo "1326"]
[BlackElo "1628"]
[PlyCount "173"]
[EventDate "2020.04.16"]
[EventType "swiss (blitz)"]
[EventRounds "9"]
[EventCountry "GER"]
[SourceTitle "CBM 195 Extra"]
[Source "ChessBase"]
[SourceDate "2020.05.31"]
[SourceVersion "1"]
[SourceVersionDate "2020.05.31"]
[SourceQuality "1"]

1. e4 c5 2. Nf3 d6 3. d3 g6 4. g3 Bg7 5. Bg2 Nc6 6. 0-0 e6 7. Nc3 Nge7 8. Rb1 a6 9. Be3 Rb8 10. a3 0-0 11. Qd2 b5 12. h3 Nd4 13. Nh2 Bb7 14. f4 Nec6 15. Ne2 a5 16. c3 Nb3 17. Qc2 a4 18. Nc1 Nxc1 19. Rbxc1 Ne7 20. Qd2 d5 21. e5 d4 22. cxd4 cxd4 23. Bf2 Bxg2 24. Kxg2 h5 25. Nf3 Qb6 26. Rc2 Rbc8 27. Rfc1 Rxc2 28. Qxc2 Rd8 29. Qc7 Qxc7 30. Rxc7 Nf5 31. Rc5 b4 32. axb4 Bf8 33. Rb5 Rc8 34. Nxd4 Nxd4 35. Bxd4 Ra8 36. Bc5 a3 37. bxa3 Bxc5 38. Rxc5 Rxa3 39. d4 Rb3 40. Rc8+ Kg7 41. Rb8 Rd3 42. b5 Rxd4 43. b6 Rb4 44. b7 Rb3 45. g4 hxg4 46. hxg4 Rb4 47. Kf3 Rb3+ 48. Ke2 Rb4 49. Kd3 Rb3+ 50. Kc4 Rb1 51. Kc5 Rc1+ 52. Kd6 Rd1+ 53. Ke7 Rb1 54. Kd6 Rd1+ 55. Kc5 Rc1+ 56. Kd4 Rd1+ 57. Kc3 Rb1 58. Kc2 Rb6 59. Kc3 Rb5 60. Kc4 Rb1 61. Kd4 Rb6 62. Ke3 Rb3+ 63. Ke4 Rb4+ 64. Kf3 Rb3+ 65. Kg2 Rb2+ 66. Kh3 Rb3+ 67. Kh4 Rb4 68. Kg5 Rb3 69. f5 gxf5 70. gxf5 exf5 71. Kxf5 Rb5 72. Ke4 Rb4+ 73. Kd5 Rb5+ 74. Kc6 Rb1 75. Rd8 Rc1+ 76. Kd7 Rd1+ 77. Ke8 Rb1 78. b8Q Rxb8 79. Rxb8 Kg6 80. Rb6+ Kg7 81. Rf6 Kg8 82. Rxf7 Kh8 83. Ke7 Kg8 84. Kf6 Kh8 85. e6 Kg8 86. e7 Kh8 87. e8Q# 1-0

[Event "GER-ch Net Amateur Gr-B Vor3"]
[Site "Playchess.com INT"]
[Date "2020.04.16"]
[Round "5"]
[White "Noack, Mario"]
[Black "Toval, David"]
[Result "0-1"]
[WhiteElo "1644"]
[BlackElo "1769"]
[PlyCount "198"]
[EventDate "2020.04.16"]
[EventType "swiss (blitz)"]
[EventRounds "9"]
[EventCountry "GER"]
[SourceTitle "CBM 195 Extra"]
[Source "ChessBase"]
[SourceDate "2020.05.31"]
[SourceVersion "1"]
[SourceVersionDate "2020.05.31"]
[SourceQuality "1"]

1. d4 Nf6 2. c4 g6 3. Nc3 Bg7 4. e4 d6 5. Nf3 0-0 6. Be2 a5 7. 0-0 Nc6 8. d5 Nb4 9. a3 Na6 10. h3 e5 11. Be3 Nh5 12. Qd2 f5 13. Bg5 Qe8 14. exf5 Bxf5 15. Rae1 Nc5 16. Be3 Nf6 17. Bxc5 dxc5 18. Ng5 h6 19. Nf3 Nd7 20. Bd3 Bxd3 21. Qxd3 Qf7 22. Ne4 Rae8 23. Re2 b6 24. Rfe1 Nf6 25. Nfd2 Nh5 26. g3 Qd7 27. Kg2 Rf7 28. Re3 Ref8 29. Rf3 Rxf3 30. Nxf3 Qf5 31. Nh4 Qf7 32. Re3 g5 33. Nf3 Nf6 34. Nfd2 Nxe4 35. Nxe4 Qg6 36. Rf3 Rxf3 37. Qxf3 Qf7 38. g4 Qf4 39. Qe3 Kf7 40. d6 cxd6 41. Nxd6+ Ke6 42. Qxf4 exf4 43. Nc8 Bxb2 44. a4 Ba3 45. Nxb6 Bb4 46. Nd5 Ke5 47. f3 Kd4 48. Nb6 Ke3 49. Nd5+ Ke2 50. Nb6 Kd3 51. Kf2 Kd2 52. Nd5 Kd3 53. Nb6 Bd2 54. Kf1 Be3 55. Kg2 Ke2 56. Nd5 Ke1 57. Nb6 Kd2 58. Nd5 Kd3 59. Nb6 Kc3 60. Kf1 Kd2 61. Kg2 Kd3 62. Kf1 Kd4 63. Ke2 Kc3 64. Kd1 Kd3 65. Ke1 Kc2 66. Ke2 Kc3 67. Kd1 Bf2 68. Ke2 Bg3 69. Kf1 Kd3 70. Kg2 Ke3 71. Nd5+ Ke2 72. Nb6 Bf2 73. Nd5 Bd4 74. Nb6 Bc3 75. Nd5 Bb4 76. Nb6 Be1 77. Nd5 Kd3 78. Nb6 Ke2 79. Nd5 Bd2 80. Nb6 Bc3 81. Nd5 Be5 82. Nb6 Kd3 83. Kf1 Bc7 84. Nd5 Bd8 85. Ke1 Kxc4 86. Nf6 Bxf6 87. Ke2 Kb4 88. Kd3 c4+ 89. Kc2 c3 90. Kb1 Kxa4 91. Kc2 Kb4 92. h4 gxh4 93. Kd3 h3 94. Ke4 Bg5 95. Kf5 h2 96. Kg6 h1Q 97. Kf5 Qe1 98. Kg6 Qe6+ 99. Kh5 Qf7# 0-1

[Event "GER-ch Net Amateur Gr-B Vor3"]
[Site "Playchess.com INT"]
[Date "2020.04.16"]
[Round "8"]
[White "Poggemann, Alexander"]
[Black "Noack, Mario"]
[Result "0-1"]
[WhiteElo "1656"]
[BlackElo "1631"]
[PlyCount "70"]
[EventDate "2020.04.16"]
[EventType "swiss (blitz)"]
[EventRounds "9"]
[EventCountry "GER"]
[SourceTitle "CBM 195 Extra"]
[Source "ChessBase"]
[SourceDate "2020.05.31"]
[SourceVersion "1"]
[SourceVersionDate "2020.05.31"]
[SourceQuality "1"]

1. e4 c5 2. c3 g6 3. d4 Bg7 4. Nf3 cxd4 5. cxd4 e6 6. Nc3 Ne7 7. Bc4 a6 8. 0-0 b5 9. Bb3 Bb7 10. Bf4 0-0 11. Re1 Nbc6 12. Qd2 Na5 13. Bh6 Nxb3 14. axb3 d5 15. e5 Nf5 16. Bxg7 Kxg7 17. Rec1 Rc8 18. Rc2 Rc6 19. Rac1 Qc7 20. Qg5 Qe7 21. Qxe7 Nxe7 22. h3 Rfc8 23. Ne1 Nf5 24. Ne2 b4 25. g4 Ne7 26. Nd3 Rxc2 27. Rxc2 Rxc2 28. Kf1 a5 29. Nc5 Rxc5 30. dxc5 Ba6 31. Ke1 Bxe2 32. Kxe2 Nc6 33. Kd3 Nxe5+ 34. Kd4 Nc6+ 35. Kd3 e5 0-1

[Event "GER-ch Net Amateur Gr-B Vor2"]
[Site "Playchess.com INT"]
[Date "2020.04.15"]
[Round "2"]
[White "Noack, Mario"]
[Black "Mader, Lena"]
[Result "1/2-1/2"]
[WhiteElo "1608"]
[BlackElo "1725"]
[PlyCount "65"]
[EventDate "2020.04.15"]
[EventType "swiss (blitz)"]
[EventRounds "9"]
[EventCountry "GER"]
[SourceTitle "CBM 196 Extra"]
[Source "ChessBase"]
[SourceDate "2020.07.31"]
[SourceVersion "1"]
[SourceVersionDate "2020.07.31"]
[SourceQuality "1"]

1. d4 Nf6 2. c4 g6 3. Nc3 Bg7 4. e4 d6 5. Nf3 0-0 6. Be2 e5 7. d5 a5 8. 0-0 Na6 9. h3 Nc5 10. Qc2 Ne8 11. a3 a4 12. Be3 b6 13. Nd2 f5 14. f4 fxe4 15. Ndxe4 Nxe4 16. Nxe4 exf4 17. Bxf4 Bf5 18. Bd3 Qh4 19. Be3 Nf6 20. Nxf6+ Rxf6 21. Bxf5 Rxf5 22. Rxf5 gxf5 23. Qxf5 Rf8 24. Qe6+ Kh8 25. Rf1 Rxf1+ 26. Kxf1 Qxc4+ 27. Kg1 Bd4 28. Qe8+ Kg7 29. Qe7+ Kg8 30. Qe8+ Kg7 31. Qe7+ Kg8 32. Qe6+ Kg7 33. Qe7+ 1/2-1/2

[Event "GER-ch Net Amateur Gr-B Vor2"]
[Site "Playchess.com INT"]
[Date "2020.04.15"]
[Round "7"]
[White "Noack, Mario"]
[Black "Schaper, Jan Erik"]
[Result "0-1"]
[WhiteElo "1630"]
[BlackElo "1704"]
[PlyCount "130"]
[EventDate "2020.04.15"]
[EventType "swiss (blitz)"]
[EventRounds "9"]
[EventCountry "GER"]
[SourceTitle "CBM 196 Extra"]
[Source "ChessBase"]
[SourceDate "2020.07.31"]
[SourceVersion "1"]
[SourceVersionDate "2020.07.31"]
[SourceQuality "1"]

1. d4 c6 2. c4 d5 3. Nc3 Nf6 4. cxd5 cxd5 5. Bf4 Nc6 6. e3 e6 7. a3 Bd6 8. Bg3 0-0 9. Nf3 Re8 10. Bd3 e5 11. dxe5 Nxe5 12. Nxe5 Bxe5 13. 0-0 Bxg3 14. hxg3 Be6 15. Ne2 Qb6 16. b4 Rac8 17. Qd2 Rc7 18. Rac1 Rec8 19. Rxc7 Rxc7 20. Rc1 Nd7 21. Rc3 Ne5 22. Bb1 Nc4 23. Qc2 g6 24. Nd4 Nxa3 25. Qb2 Rxc3 26. Qxc3 Nxb1 27. Qb2 a5 28. Qxb1 axb4 29. Qb3 Qc5 30. Qa4 Qd6 31. Qe8+ Kg7 32. Qb5 Qc7 33. g4 Bd7 34. Qxd5 Bc6 35. Qc5 Qd7 36. Qxb4 Qd5 37. Nxc6 Qxc6 38. Qd4+ Qf6 39. Qd7 Qc6 40. Qd4+ Qf6 41. Qd7 Qc6 42. Qd3 Qf6 43. g3 Qa1+ 44. Kg2 Qa6 45. Qd4+ Qf6 46. Qd7 Qc6+ 47. f3 Qxd7 48. f4 Qd3 49. Kf3 Qc3 50. g5 b5 51. g4 b4 52. f5 gxf5 53. gxf5 b3 54. f6+ Kg6 55. Kf4 Qc4+ 56. e4 b2 57. Ke5 Kxg5 58. Kd6 Qxe4 59. Kd7 Kxf6 60. Kd6 Qe5+ 61. Kd7 Qe6+ 62. Kc7 Ke5 63. Kb7 Qc4 64. Ka7 b1Q 65. Ka8 Qca2# 0-1